[Event "9th Lost Boys op"]
[Site "Amsterdam NED"]
[Date "2001.08.14"]
[Round "5"]
[White "Arakhamia-Grant, Ketevan"]
[Black "Gohil, Harry"]
[Result "1-0"]
[WhiteElo "2446"]
[BlackElo "2307"]
[EventDate "2001.08.10"]
[PlyCount "79"]

1.e4 c5 2.Nf3 Nc6 3.d4 cxd4 4.Nxd4 e5 5.Nb5 d6 6.c4 Be6 7.N1c3 a6 8.Na3 
Be7 9.Bd3 Bg5 10.O-O Bxc1 11.Rxc1 Nge7 12.Nc2 O-O 13.Qd2 f5 14.exf5 Nxf5 
15.Bxf5 Rxf5 16.Ne3 Rh5 17.f4 Nd4 18.Ne4 d5 19.Ng3 dxc4 20.Rcd1 Rxh2 21.
Kxh2 Qh4+ 22.Kg1 Qxg3 23.fxe5 Nc6 24.Nf5 Qg6 25.Qd8+ Qe8 26.Qc7 Bxf5 27.
Rxf5 g6 28.Rd7 gxf5 29.Rg7+ Kf8 30.Rxh7 Ne7 31.Qd6 Qg6 32.Rh8+ Kg7 33.Rxa8
Qg5 34.Qd4 Nc6 35.Qxc4 Qe3+ 36.Kf1 Qxe5 37.Rg8+ Kf6 38.Qh4+ Kf7 39.Qh7+ 
Kf6 40.Rg6# 1-0

[Event "9th Lost Boys op"]
[Site "Amsterdam NED"]
[Date "2001.08.14"]
[Round "5"]
[White "Larsen, Karsten"]
[Black "Nep, Ron"]
[Result "1/2-1/2"]
[WhiteElo "2300"]
[BlackElo "2424"]
[EventDate "2001.08.10"]
[PlyCount "146"]

1.Nf3 Nf6 2.g3 b6 3.Bg2 Bb7 4.O-O e6 5.d3 d5 6.Nbd2 Be7 7.e4 dxe4 8.Ng5 
O-O 9.Ndxe4 Nxe4 10.Nxe4 Qc8 11.Re1 Re8 12.Qh5 g6 13.Qh6 Nd7 14.Ng5 Nf8 
15.Ne4 f5 16.Bf4 Nd7 17.Ng5 Bxg5 18.Bxg5 Bxg2 19.Kxg2 Qb7+ 20.Kg1 e5 21.
Re2 Re6 22.Rae1 Rae8 23.Bd2 Qd5 24.a3 Qd6 25.Bc3 Nf6 26.h3 Nd5 27.Bd2 b5 
28.Qh4 Qc6 29.Bc1 a5 30.Bg5 b4 31.axb4 axb4 32.Qh6 Qb6 33.Be3 Nxe3 34.Rxe3
Qd4 35.b3 c5 36.R3e2 Qd5 37.Re3 Qd4 38.R3e2 Qd5 39.Ra1 R6e7 40.Ree1 Qd4 
41.Ra6 e4 42.dxe4 fxe4 43.Qe3 Qd5 44.Ra5 Rc8 45.h4 Qd6 46.Rea1 Qd4 47.Ra8 
Rxa8 48.Rxa8+ Kg7 49.Rc8 Qxe3 50.fxe3 Re5 51.Kf2 g5 52.hxg5 Rxg5 53.Re8 
Rh5 54.Ke2 Rh2+ 55.Kd1 Rh1+ 56.Ke2 Rh2+ 57.Kd1 Rh1+ 58.Kd2 Rh2+ 59.Kc1 
Rh1+ 60.Kd2 Rh2+ 61.Kc1 Rh1+ 62.Kb2 Rg1 63.Rxe4 Rxg3 64.Re5 Kg6 65.Rxc5 h5
66.Rc4 Rg4 67.e4 h4 68.Rxb4 h3 69.Rb8 Kh7 70.Rb7+ Rg7 71.Rb5 Kh6 72.Rb6+ 
Kh7 73.Rb5 Kh6 1/2-1/2

[Event "9th Lost Boys op"]
[Site "Amsterdam NED"]
[Date "2001.08.14"]
[Round "5"]
[White "Dutreeuw, Marc"]
[Black "Haimovich, Tal"]
[Result "1/2-1/2"]
[WhiteElo "2390"]
[BlackElo "2304"]
[EventDate "2001.08.10"]
[PlyCount "72"]

1.e4 e6 2.d4 d5 3.Nc3 Nf6 4.Bg5 Bb4 5.e5 h6 6.Bd2 Bxc3 7.bxc3 Ne4 8.Bd3 
Nxd2 9.Qxd2 c5 10.Nf3 Nc6 11.dxc5 Qa5 12.c4 Qxc5 13.cxd5 exd5 14.O-O Bg4 
15.Nh4 Qe7 16.Nf5 Bxf5 17.Bxf5 Qg5 18.Qd3 O-O 19.f4 Qh5 20.Bh3 Rad8 21.
Rad1 a6 22.Rfe1 Rfe8 23.Qb3 Na5 24.Qg3 Nc4 25.Rd4 Qg6 26.Qxg6 fxg6 27.g3 
b5 28.Red1 Nb6 29.Kf2 Re7 30.R1d3 Rc7 31.c3 Kf7 32.Ke3 Nc4+ 33.Ke2 Rc5 34.
Bg2 Ke6 35.Bh3+ Ke7 36.Bg2 Ke6 1/2-1/2

[Event "9th Lost Boys op"]
[Site "Amsterdam NED"]
[Date "2001.08.14"]
[Round "5"]
[White "Grooten, Herman"]
[Black "Bachofner, Andreas"]
[Result "0-1"]
[WhiteElo "2374"]
[BlackElo "2261"]
[EventDate "2001.08.10"]
[PlyCount "106"]

1.d4 e6 2.c4 f5 3.g3 Nf6 4.Bg2 c6 5.Nf3 d5 6.O-O Bd6 7.b3 Qe7 8.Bb2 O-O 9.
Qc1 b6 10.Ne5 Bb7 11.Nd2 Ne4 12.Ndf3 Nd7 13.Nxd7 Qxd7 14.Ne5 Qe7 15.Nd3 a5
16.f3 Nf6 17.c5 bxc5 18.dxc5 Bc7 19.f4 Nd7 20.Qc3 Ba6 21.Rac1 Rae8 22.Bh3 
Qf6 23.Qxf6 gxf6 24.Rf3 h5 25.Kf2 Kf7 26.Ne1 Rb8 27.Rfc3 a4 28.Nf3 Ba5 29.
R3c2 axb3 30.axb3 Bb4 31.Ra1 Bb7 32.Bd4 Ra8 33.Ra4 Rxa4 34.bxa4 Ra8 35.Ne1
Bxe1+ 36.Kxe1 Rxa4 37.e3 Ba6 38.Kd2 Kg6 39.Kc1 e5 40.fxe5 fxe5 41.Bb2 Bc4 
42.Kd2 Ra2 43.Bc3 Rxc2+ 44.Kxc2 Nxc5 45.Bxe5 Nd3 46.Bc3 Nf2 47.Bg2 Ng4 48.
Bd4 Nxh2 49.Kc3 Bf1 50.Bh1 Kg5 51.Kb4 Kg4 52.Kc5 Bb5 53.Kd6 Nf1 0-1

[Event "9th Lost Boys op"]
[Site "Amsterdam NED"]
[Date "2001.08.14"]
[Round "5"]
[White "Kohler, Aran"]
[Black "Sinz, Bernhard"]
[Result "0-1"]
[WhiteElo "2362"]
[BlackElo "2188"]
[EventDate "2001.08.10"]
[PlyCount "58"]

1.e4 e5 2.Nf3 Nc6 3.Bb5 a6 4.Bxc6 dxc6 5.O-O Bg4 6.h3 h5 7.d3 Qf6 8.Nbd2 
Ne7 9.Re1 Ng6 10.d4 Bd6 11.Nc4 Bxf3 12.Qxf3 Qxf3 13.gxf3 exd4 14.e5 Be7 
15.e6 Bf6 16.a4 fxe6 17.Rxe6+ Kd7 18.Re4 Rhe8 19.Ra3 b5 20.Na5 c5 21.Nb3 
Kc6 22.axb5+ axb5 23.Rxa8 Rxa8 24.Bh6 Kd5 25.Bf4 c4 26.Nd2 Ra1+ 27.Kg2 
Nh4+ 28.Kg3 Rg1+ 29.Kh2 Nxf3+ 0-1

[Event "9th Lost Boys op"]
[Site "Amsterdam NED"]
[Date "2001.08.14"]
[Round "5"]
[White "Pel, Bonno"]
[Black "Bosboom-Lanchava, Tea"]
[Result "0-1"]
[WhiteElo "2191"]
[BlackElo "2345"]
[EventDate "2001.08.10"]
[PlyCount "108"]

1.Nc3 c5 2.Nf3 Nc6 3.d4 cxd4 4.Nxd4 Nf6 5.g3 d5 6.Bg2 e5 7.Nxc6 bxc6 8.O-O
Be7 9.Na4 Be6 10.c4 Qd7 11.b3 Rc8 12.Qc2 O-O 13.Bg5 Bf5 14.Qc3 d4 15.Qa5 
e4 16.Rad1 h6 17.Be3 c5 18.b4 Qe6 19.Bd2 cxb4 20.c5 Qxa2 21.Bxb4 Qxe2 22.
Rxd4 e3 23.Rf4 Bd8 24.Qxa7 Bd3 25.c6 Re8 26.fxe3 Qa2 27.R1f2 Qa1+ 28.Bf1 
Rxc6 29.Qd4 Qxd4 30.Rxd4 Bxf1 31.Rxf1 Bc7 32.Bd2 Be5 33.Rd3 Ne4 34.Rc1 
Rxc1+ 35.Bxc1 Ra8 36.Bb2 Bc7 37.Nc3 Ng5 38.Nd5 Bd8 39.Kg2 Ra2 40.Rb3 Ra5 
41.Nf4 Bc7 42.Bd4 Ne4 43.Nd3 h5 44.Rb7 Bd6 45.Nf2 Ng5 46.Ra7 Rb5 47.Ra8+ 
Kh7 48.h4 Ne6 49.Ne4 Bc7 50.Ra7 Kg6 51.Ng5 Nxg5 52.Rxc7 Ne6 53.Rc6 Kf5 54.
Rb6 Nxd4 0-1

[Event "9th Lost Boys op"]
[Site "Amsterdam NED"]
[Date "2001.08.14"]
[Round "5"]
[White "Krnic, Zdenko"]
[Black "Erwich, Marc"]
[Result "1-0"]
[WhiteElo "2389"]
[BlackElo "2263"]
[EventDate "2001.08.10"]
[PlyCount "99"]

1.Nf3 Nf6 2.c4 b6 3.g3 Bb7 4.Bg2 e6 5.O-O Be7 6.Nc3 O-O 7.Re1 d5 8.cxd5 
exd5 9.d4 Na6 10.Ne5 c5 11.Be3 Nc7 12.dxc5 bxc5 13.Na4 Ne6 14.Rc1 Rc8 15.
Qb3 Ba8 16.Red1 Qa5 17.Qc2 Rfd8 18.b3 Qa6 19.f4 Bd6 20.Bf2 Qa5 21.Qf5 Be7 
22.h3 Qb5 23.Bf3 Qb8 24.Ng4 Nxg4 25.hxg4 d4 26.Qd3 Bxf3 27.Qxf3 Qb5 28.Rc4
Rc7 29.g5 Rcd7 30.Kg2 Rd5 31.Nc3 Qc6 32.Nxd5 Qxd5 33.Qxd5 Rxd5 34.Kf3 f5 
35.gxf6 Bxf6 36.Ra4 Rd7 37.Ke4 Kf7 38.Rc1 Bd8 39.Rh1 h6 40.Rh5 Bb6 41.Rc4 
Re7 42.Kd3 Rd7 43.Rc2 Nc7 44.Kc4 Ne8 45.Rd5 Nd6+ 46.Kd3 Ke6 47.Re5+ Kf6 
48.Rcxc5 Bxc5 49.Rxc5 Ke6 50.Re5+ 1-0

[Event "9th Lost Boys op"]
[Site "Amsterdam NED"]
[Date "2001.08.14"]
[Round "5"]
[White "Vogt, Andreas"]
[Black "Blees, Albert"]
[Result "0-1"]
[WhiteElo "2250"]
[BlackElo "2377"]
[EventDate "2001.08.10"]
[PlyCount "80"]

1.c4 Nf6 2.Nc3 g6 3.e4 d6 4.d4 Bg7 5.Be2 O-O 6.Nf3 e5 7.dxe5 dxe5 8.Qxd8 
Rxd8 9.Bg5 Re8 10.Nd5 Nxd5 11.cxd5 c6 12.Bc4 b5 13.Bb3 Bb7 14.Rc1 a5 15.a4
bxa4 16.Bxa4 Rc8 17.d6 Nd7 18.Be3 Rab8 19.O-O Ba6 20.Rfd1 Bb5 21.Bxb5 cxb5
22.Rc7 Rd8 23.Kf1 Bf8 24.Ba7 Ra8 25.Rb7 a4 26.Bb6 Rab8 27.Rxb8 Rxb8 28.Bc7
Ra8 29.Rd5 b4 30.Nxe5 Nxe5 31.Rxe5 a3 32.bxa3 bxa3 33.Ra5 Rxa5 34.Bxa5 
Bxd6 35.Bc3 f6 36.Bxf6 Kf7 37.Bc3 Ke6 38.Ke2 Be5 39.Kd3 a2 40.Bxe5 Kxe5 
0-1

[Event "9th Lost Boys op"]
[Site "Amsterdam NED"]
[Date "2001.08.14"]
[Round "5"]
[White "Helvensteijn, Dennis"]
[Black "Day, Lawrence"]
[Result "1/2-1/2"]
[WhiteElo "2191"]
[BlackElo "2367"]
[EventDate "2001.08.10"]
[PlyCount "69"]

1.e4 g6 2.d4 Bg7 3.c3 d6 4.Bd3 e5 5.Ne2 Nc6 6.O-O Bd7 7.Be3 Nh6 8.h3 f5 9.
f4 fxe4 10.Bxe4 exd4 11.Nxd4 O-O 12.Na3 Kh8 13.Nac2 Nf5 14.Nxf5 gxf5 15.
Bf3 a5 16.Qd2 Rb8 17.Rfe1 Re8 18.Rad1 Qf6 19.Nd4 Ne7 20.Bf2 Qf7 21.b3 b5 
22.Qd3 Nd5 23.Ne2 Nf6 24.Ng3 Qg6 25.c4 b4 26.Kh2 Bh6 27.Qd4 Rxe1 28.Rxe1 
c5 29.Qd2 Re8 30.Rxe8+ Bxe8 31.Be3 Bg7 32.Qd3 Bd7 33.Bf2 Bh6 34.Be3 Bg7 
35.Bf2 1/2-1/2

[Event "9th Lost Boys op"]
[Site "Amsterdam NED"]
[Date "2001.08.14"]
[Round "5"]
[White "Strating, Sybolt"]
[Black "Giddins, Stephen"]
[Result "0-1"]
[WhiteElo "2340"]
[BlackElo "2286"]
[EventDate "2001.08.10"]
[PlyCount "66"]

1.d4 e6 2.c4 Nf6 3.g3 d5 4.Bg2 dxc4 5.Nf3 Nc6 6.Qa4 Bb4+ 7.Bd2 Nd5 8.Bxb4 
Nxb4 9.a3 b5 10.Qxb5 Nc2+ 11.Kd2 Nxa1 12.Qxc6+ Bd7 13.Qxc4 c5 14.Qa2 Qa5+ 
15.b4 cxb4 16.Qxa1 Rc8 17.Ne5 Bb5 18.Be4 O-O 19.a4 Rfd8 20.Ke3 f6 21.Qa2 
Qb6 22.Nf3 Bc4 23.Qb2 e5 24.Rd1 f5 25.Bxf5 Qh6+ 26.Ke4 Bd5+ 27.Kd3 e4+ 28.
Bxe4 Bc4+ 29.Kc2 Bxe2+ 30.Kb3 Bxd1+ 31.Ka2 Qe6+ 32.Ka1 Qxe4 33.Ne5 Qxd4 
0-1

[Event "9th Lost Boys op"]
[Site "Amsterdam NED"]
[Date "2001.08.14"]
[Round "5"]
[White "Van de Vegt, Lenze"]
[Black "Bezemer, Arno"]
[Result "1/2-1/2"]
[WhiteElo "2167"]
[BlackElo "2296"]
[EventDate "2001.08.10"]
[PlyCount "34"]

1.e4 c5 2.Nf3 d6 3.d4 cxd4 4.Nxd4 Nf6 5.Nc3 a6 6.Bc4 e6 7.Bb3 Nbd7 8.f4 
Nc5 9.e5 dxe5 10.fxe5 Nfd7 11.Bf4 Nb6 12.O-O Be7 13.Kh1 O-O 14.Qg4 Qxd4 
15.Rad1 f5 16.Qg3 Qb4 17.a3 Ne4 1/2-1/2

[Event "9th Lost Boys op"]
[Site "Amsterdam NED"]
[Date "2001.08.14"]
[Round "5"]
[White "Cruz-Lopez Claret, Carlos"]
[Black "Nemet, Ivan"]
[Result "0-1"]
[WhiteElo "2297"]
[BlackElo "2427"]
[EventDate "2001.08.10"]
[PlyCount "60"]

1.d4 Nf6 2.c4 c5 3.d5 b5 4.cxb5 a6 5.f3 g6 6.e4 d6 7.Na3 Bg7 8.Ne2 O-O 9.
Nc3 e6 10.dxe6 Bxe6 11.Be2 d5 12.bxa6 d4 13.Ncb5 Nxa6 14.O-O Qb6 15.e5 Nd7
16.f4 f6 17.Nd6 fxe5 18.Nac4 Qc7 19.Bg4 Bxc4 20.Nxc4 e4 21.Bxd7 Qxd7 22.
Nb6 Qe6 23.Nxa8 Rxa8 24.b3 Nb4 25.a3 d3 26.Rb1 Nc2 27.Rb2 Bxb2 28.Bxb2 
Qxb3 29.Be5 e3 30.Qf3 Rf8 0-1

[Event "9th Lost Boys op"]
[Site "Amsterdam NED"]
[Date "2001.08.14"]
[Round "5"]
[White "De Jong, Migchiel"]
[Black "Marechal, Andy"]
[Result "1-0"]
[WhiteElo "2273"]
[BlackElo "2371"]
[EventDate "2001.08.10"]
[PlyCount "79"]

1.e4 e6 2.d4 d5 3.Bd3 Nf6 4.e5 Nfd7 5.Nf3 c5 6.c3 Nc6 7.O-O Be7 8.Re1 g5 
9.Be3 h6 10.h3 Qb6 11.Qd2 c4 12.Be2 Qa5 13.a4 Nb6 14.Qc2 Bd7 15.Nbd2 Nd8 
16.b4 Qa6 17.a5 Nc8 18.Nh2 Bb5 19.f4 gxf4 20.Bxf4 Kd7 21.Bh5 Qc6 22.Ng4 
Bg5 23.Rf1 Ne7 24.Bxg5 hxg5 25.Bxf7 Kc7 26.Bg6 b6 27.Rf6 bxa5 28.bxa5 Rg8 
29.Bf7 Rg7 30.Raf1 Rb8 31.Qc1 Qd7 32.Qa3 Nf5 33.Bxe6 Nxe6 34.R1xf5 Bc6 35.
Nh6 Nd8 36.Rd6 Qe7 37.Rff6 Bd7 38.Qc5+ Kb7 39.Qxd5+ Kc7 40.Qxc4+ 1-0

[Event "9th Lost Boys op"]
[Site "Amsterdam NED"]
[Date "2001.08.14"]
[Round "5"]
[White "Van Delft, Merijn"]
[Black "Soderberg, Per"]
[Result "1/2-1/2"]
[WhiteElo "2336"]
[BlackElo "2264"]
[EventDate "2001.08.10"]
[PlyCount "76"]

1.e4 c5 2.Nf3 d6 3.d4 cxd4 4.Nxd4 Nf6 5.Nc3 a6 6.Be3 e5 7.Nb3 Be6 8.f3 
Nbd7 9.g4 h6 10.Qd2 b5 11.O-O-O Nb6 12.Qf2 Rb8 13.Nc5 b4 14.Nxe6 fxe6 15.
Nb1 a5 16.h4 Qc7 17.Bb5+ Nfd7 18.Nd2 Rc8 19.Nb3 Nc4 20.Bc5 Kf7 21.Bxc4 
Nxc5 22.Nxc5 Qxc5 23.Qxc5 Rxc5 24.b3 Be7 25.Kb2 Rd8 26.Ra1 d5 27.Bd3 Rc7 
28.Rae1 Bc5 29.Rhf1 Bd4+ 30.Kc1 Bc3 31.Re2 Kg8 32.Rh2 Rf7 33.Rhh1 Rdf8 34.
exd5 exd5 35.Bf5 Re7 36.Kd1 e4 37.fxe4 Rd8 38.Ke2 dxe4 1/2-1/2

[Event "9th Lost Boys op"]
[Site "Amsterdam NED"]
[Date "2001.08.14"]
[Round "5"]
[White "Roebers, Jan"]
[Black "Blokhuis, Jeroen"]
[Result "0-1"]
[WhiteElo "2303"]
[BlackElo "2341"]
[EventDate "2001.08.10"]
[PlyCount "112"]

1.e4 c5 2.d4 cxd4 3.Nf3 Nc6 4.Nxd4 Nf6 5.Nc3 d6 6.f4 g6 7.Be2 Bg7 8.Be3 
O-O 9.Nb3 a6 10.a4 b6 11.O-O Na5 12.Nd4 Qc7 13.Qd3 Bb7 14.Kh1 Rac8 15.Rad1
Nd7 16.Nd5 Qd8 17.b4 Nc4 18.Bc1 e6 19.Ne3 d5 20.e5 Qe7 21.Nxc4 Rxc4 22.c3 
Rfc8 23.Bd2 R4c7 24.Qe3 Re8 25.Bd3 f6 26.exf6 Nxf6 27.Qe2 Ne4 28.Bxe4 dxe4
29.Rc1 Bd5 30.Rfe1 Rc4 31.Be3 Rec8 32.Qd2 Qd7 33.b5 Rxa4 34.bxa6 Rxa6 35.
c4 Rxc4 36.Rxc4 Bxc4 37.Rc1 b5 38.Qf2 Rd6 39.Ne2 Rd3 40.Ng1 Qd5 41.Ba7 h6 
42.Bb8 Rd2 43.Qg3 e3 44.Be5 Qe4 45.Bxg7 Kxg7 46.f5 exf5 47.Qc7+ Kf6 48.
Qb6+ Qe6 49.Qb8 e2 50.Qh8+ Kf7 51.Qh7+ Ke8 52.Qh8+ Kd7 53.Ra1 e1=Q 54.Ra7+
Kc6 55.Ra6+ Kc5 56.Qf8+ Rd6 0-1

[Event "9th Lost Boys op"]
[Site "Amsterdam NED"]
[Date "2001.08.14"]
[Round "5"]
[White "Delafargue, Bertrand"]
[Black "Mellegers, Joost"]
[Result "0-1"]
[WhiteElo "2150"]
[BlackElo "2308"]
[EventDate "2001.08.10"]
[PlyCount "79"]

1.e4 c5 2.Nf3 d6 3.d4 cxd4 4.Nxd4 Nf6 5.Nc3 Nc6 6.Bc4 Qb6 7.Ndb5 Bg4 8.f3 
Bd7 9.Qe2 a6 10.Be3 Qa5 11.Nd4 e6 12.Nb3 Qc7 13.Bd3 b5 14.f4 Be7 15.Qf3 
Nb4 16.g4 Bc6 17.g5 Nd7 18.Nd4 Bb7 19.O-O Nc5 20.Rac1 Qd7 21.Rfd1 f5 22.
gxf6 Bxf6 23.a3 Nbxd3 24.cxd3 Bxd4 25.Bxd4 Nb3 26.Ne2 Nxc1 27.Rxc1 O-O 28.
Qg4 Rad8 29.Qg5 h6 30.Qg3 Rf7 31.Bc3 Rdf8 32.Rf1 Ba8 33.h4 e5 34.f5 d5 35.
Bxe5 dxe4 36.d4 Rxf5 37.Rxf5 Rxf5 38.Nf4 Rf7 39.Nh5 Qf5 40.Nf6+ 0-1

[Event "9th Lost Boys op"]
[Site "Amsterdam NED"]
[Date "2001.08.14"]
[Round "5"]
[White "Tan, Kevin"]
[Black "Van Kooten, Luuk"]
[Result "0-1"]
[WhiteElo "2184"]
[BlackElo "2255"]
[EventDate "2001.08.10"]
[PlyCount "200"]

1.e4 c5 2.Nf3 d6 3.d4 cxd4 4.Nxd4 Nf6 5.Nc3 a6 6.Be2 e6 7.O-O Be7 8.f4 O-O
9.a4 Qc7 10.Be3 Nc6 11.Kh1 Re8 12.Qe1 Nxd4 13.Bxd4 e5 14.fxe5 dxe5 15.Qg3 
Bd8 16.Be3 Kh8 17.Bg5 Be6 18.Rad1 Be7 19.Bxf6 Bxf6 20.Bg4 Rad8 21.Bxe6 
fxe6 22.Rxd8 Rxd8 23.h3 Qc4 24.Qf3 b5 25.axb5 axb5 26.b3 Qc6 27.Rf2 Rd4 
28.Re2 h6 29.Kh2 Bg5 30.Rf2 Kh7 31.Ne2 Rd2 32.c3 Qc5 33.Rf1 Qe3 34.Qxe3 
Bxe3 35.Ng1 Rc2 36.c4 bxc4 37.bxc4 Bf4+ 38.Kh1 Rxc4 39.Re1 Kg8 40.Nf3 Bg3 
41.Nd2 Ra4 42.Rb1 Bf4 43.Nf1 Rxe4 44.g3 Bg5 45.Kg2 Rc4 46.h4 Bc1 47.Nh2 e4
48.Ng4 Rc2+ 49.Kf1 Ba3 50.Re1 h5 51.Ne5 Bd6 52.Rxe4 Rc5 53.Nf3 e5 54.Ng5 
Be7 55.Nf3 Bf6 56.Re2 Kf7 57.Kf2 Kg6 58.Nd2 Ra5 59.Nc4 Rc5 60.Nd6 Be7 61.
Ne4 Ra5 62.Kf3 Kf5 63.Re3 Bc5 64.Re2 Ra3+ 65.Kg2 Bd4 66.Nd6+ Ke6 67.Ne4 
Kd5 68.Nf2 Re3 69.Rxe3 Bxe3 70.Nd1 Kd4 71.Kf3 e4+ 72.Ke2 Bc1 73.Nf2 Ba3 
74.g4 hxg4 75.Nxg4 Be7 76.Ne3 Ke5 77.Ng2 Kf5 78.Ne3+ Ke5 79.Ng2 Bc5 80.h5 
Kf5 81.h6 gxh6 82.Nh4+ Kg4 83.Ng6 h5 84.Ne5+ Kg3 85.Nf7 Kf4 86.Kf1 h4 87.
Nd8 Kf3 88.Ne6 Be3 89.Nf8 h3 90.Ng6 h2 91.Nh4+ Kg4 92.Kg2 Kxh4 93.Kxh2 Kg4
94.Kg2 Bd4 95.Kf1 Kf3 96.Ke1 e3 97.Kd1 e2+ 98.Kd2 Kf2 99.Kd3 Bh8 100.Ke4 
e1=Q+ 0-1

[Event "9th Lost Boys op"]
[Site "Amsterdam NED"]
[Date "2001.08.14"]
[Round "5"]
[White "Wunnink, Michael"]
[Black "Hopman, Pieter"]
[Result "0-1"]
[WhiteElo "2215"]
[BlackElo "2215"]
[EventDate "2001.08.10"]
[PlyCount "74"]

1.d4 d5 2.c4 dxc4 3.Nf3 Nf6 4.e3 e6 5.Bxc4 c5 6.O-O a6 7.Bb3 b5 8.a4 b4 9.
a5 Be7 10.Ba4+ Nfd7 11.Ne5 O-O 12.Qf3 Ra7 13.Nc4 cxd4 14.exd4 Nf6 15.Be3 
Rc7 16.Nbd2 Bb7 17.Qg3 Nc6 18.Rac1 Nd5 19.Ne4 f5 20.Ned6 Ba8 21.Bxc6 Rxc6 
22.Bh6 Bf6 23.Rce1 Kh8 24.Rxe6 gxh6 25.Ne5 Rc7 26.Re8 Qxd6 27.Ng6+ hxg6 
28.Qxd6 Rxe8 29.Qxa6 Kg7 30.Qb5 Rce7 31.a6 Bxd4 32.h4 Bxb2 33.Kh2 h5 34.
Rd1 Nc3 35.Qxb4 Nxd1 36.Qb3 Re1 37.a7 Be5+ 0-1

[Event "9th Lost Boys op"]
[Site "Amsterdam NED"]
[Date "2001.08.16"]
[Round "6"]
[White "Shchekachev, Andrei"]
[Black "Piket, Jeroen"]
[Result "1-0"]
[WhiteElo "2546"]
[BlackElo "2630"]
[EventDate "2001.08.10"]
[PlyCount "105"]

1.Nf3 d5 2.d4 Nf6 3.c4 e6 4.Nc3 dxc4 5.e4 Bb4 6.Bg5 c5 7.e5 h6 8.Bd2 Bxc3 
9.bxc3 Ne4 10.Bxc4 Bd7 11.d5 O-O 12.O-O exd5 13.Bxd5 Bc6 14.Bxe4 Bxe4 15.
Be3 Qxd1 16.Rfxd1 b6 17.Rd6 Rc8 18.Nd2 Bf5 19.h3 h5 20.f4 Nc6 21.Kf2 Na5 
22.g4 hxg4 23.hxg4 Bxg4 24.Rg1 Be6 25.Rg5 Nb7 26.Rd3 Rd8 27.Rxd8+ Rxd8 28.
f5 Bxa2 29.Rg1 Bd5 30.Bg5 Kf8 31.Bxd8 Nxd8 32.Ra1 f6 33.Rxa7 Nc6 34.Rd7 
Bf7 35.exf6 gxf6 36.Rd6 Ne7 37.Rxb6 Kg7 38.Ne4 Nxf5 39.Nxc5 Ne7 40.Rb7 Nc6
41.Ne4 Kg6 42.Nd6 Be6 43.Ke3 Ne5 44.Rc7 f5 45.Rc5 Nd7 46.Rb5 Kg5 47.c4 Kg4
48.Kd4 f4 49.Ne4 f3 50.c5 Kf4 51.c6 Nf8 52.Rb8 Ng6 53.Re8 1-0

[Event "9th Lost Boys op"]
[Site "Amsterdam NED"]
[Date "2001.08.16"]
[Round "6"]
[White "Avrukh, Boris"]
[Black "Van Wely, Loek"]
[Result "1/2-1/2"]
[WhiteElo "2598"]
[BlackElo "2695"]
[EventDate "2001.08.10"]
[PlyCount "91"]

1.d4 Nf6 2.c4 g6 3.Nc3 d5 4.Nf3 Bg7 5.Qb3 dxc4 6.Qxc4 O-O 7.e4 Na6 8.Be2 
c5 9.d5 e6 10.O-O exd5 11.exd5 Bf5 12.Bf4 Nd7 13.Rad1 Nb6 14.Qb5 Rc8 15.d6
Re8 16.Bg5 Qd7 17.a4 c4 18.Nd4 Rc5 19.Qxd7 Bxd7 20.Be7 Ra5 21.Bf3 Nc5 22.
Nd5 Nbxa4 23.Nf6+ Bxf6 24.Bxf6 Nxb2 25.Rb1 Ra2 26.Bd5 Ne4 27.Bxe4 Rxe4 28.
Nf3 Re2 29.Ne5 Rxe5 30.Bxe5 Nd3 31.Bd4 b6 32.Ra1 Rxa1 33.Rxa1 a5 34.Bxb6 
a4 35.Bd4 f5 36.Kf1 Kf7 37.Ke2 Ke6 38.Kd2 Kxd6 39.Kc3 Kd5 40.g3 f4 41.Rb1 
h5 42.Rb7 Bf5 43.Ra7 Ke4 44.Rxa4 Kf3 45.Kxc4 Kg2 46.Ra3 1/2-1/2

[Event "9th Lost Boys op"]
[Site "Amsterdam NED"]
[Date "2001.08.16"]
[Round "6"]
[White "Gershon, Alik"]
[Black "Van den Doel, Erik"]
[Result "0-1"]
[WhiteElo "2553"]
[BlackElo "2607"]
[EventDate "2001.08.10"]
[PlyCount "100"]

1.d4 d5 2.c4 dxc4 3.e3 e6 4.Nf3 c5 5.Bxc4 a6 6.O-O Nf6 7.Bd3 cxd4 8.exd4 
Be7 9.Ne5 O-O 10.Nc3 Nc6 11.Nxc6 bxc6 12.Be3 Bb7 13.Qc2 h6 14.Be2 Nd5 15.
Na4 a5 16.Bf3 Ba6 17.Rfd1 Bb5 18.Nc5 a4 19.Rac1 Bd6 20.Qe4 Qe7 21.Re1 a3 
22.b3 Rae8 23.Bd2 e5 24.Qc2 Qa7 25.Qf5 exd4 26.Nd7 Rxe1+ 27.Rxe1 Rd8 28.
Be4 g6 29.Nf6+ Nxf6 30.Qxf6 Qe7 31.Qf3 Re8 32.g3 Bb4 33.Bd3 Qxe1+ 34.Bxe1 
Rxe1+ 35.Kg2 Ra1 36.Bxb5 cxb5 37.Qe2 Bf8 38.Kf3 d3 39.Qd2 b4 40.Ke4 Rb1 
41.f4 Rb2 42.Qxd3 Rxa2 43.f5 gxf5+ 44.Kf3 Bc5 45.g4 Rf2+ 46.Kg3 a2 47.Qd1 
f4+ 48.Kh3 Rd2 49.Qe1 Rd3+ 50.Kg2 f3+ 0-1

[Event "9th Lost Boys op"]
[Site "Amsterdam NED"]
[Date "2001.08.16"]
[Round "6"]
[White "Solleveld, Maarten"]
[Black "Sutovsky, Emil"]
[Result "0-1"]
[WhiteElo "2427"]
[BlackElo "2651"]
[EventDate "2001.08.10"]
[PlyCount "214"]

1.e4 c5 2.Nf3 d6 3.d4 cxd4 4.Nxd4 Nf6 5.Nc3 a6 6.f4 e5 7.Nf3 Nbd7 8.a4 Be7
9.Bd3 O-O 10.O-O exf4 11.Kh1 Nh5 12.Ne1 Ne5 13.Be2 Nf6 14.Bxf4 Qb6 15.Nd3 
Nc4 16.Qe1 Be6 17.b3 Ne3 18.Qf2 Qc7 19.Qxe3 Qxc3 20.Rac1 Rfe8 21.Bg3 Rac8 
22.Bf3 Ng4 23.Bxg4 Bxg4 24.Be1 Qc6 25.Qf4 Be6 26.c4 Qb6 27.Rb1 Qd4 28.Nb4 
Bf6 29.Bf2 Qc3 30.Be1 Qd4 31.Bf2 Qc3 32.Be1 Qe5 33.Qf3 Qg5 34.Bg3 b5 35.
axb5 axb5 36.Bxd6 bxc4 37.bxc4 Bxc4 38.Rfc1 Be2 39.Qf4 Qxf4 40.Bxf4 Rxc1+ 
41.Rxc1 h6 42.Nd5 Bd4 43.Rc8 Rxc8 44.Ne7+ Kh7 45.Nxc8 g5 46.Bg3 Bd3 47.Nd6
Kg6 48.h4 f6 49.hxg5 hxg5 50.Nf5 Bb2 51.Nd6 Bd4 52.Nf5 Bb2 53.Nd6 Kh5 54.
Bh2 Kg4 55.Kg1 Bd4+ 56.Kh1 Bc3 57.Kg1 Kh5 58.Kh1 Kg6 59.Kg1 Bd4+ 60.Kh1 
Bc5 61.Bg3 Kg7 62.Nf5+ Kf7 63.Bd6 Ba7 64.Bh2 Bc5 65.Bd6 Bb6 66.Bh2 Ke6 67.
Ng7+ Ke7 68.e5 Bg6 69.exf6+ Kxf6 70.Bd6 Kxg7 71.Be7 Be3 72.Kh2 Kf7 73.Bd8 
Ke6 74.Kg3 Bh5 75.Kh3 Kf5 76.Be7 Bf4 77.g3 Be3 78.Bd8 Be2 79.Be7 Bf1+ 80.
Kh2 Bd4 81.Bb4 Be5 82.Kg1 Bc4 83.Kg2 Kg4 84.Be7 Bxg3 85.Bxg5 Bd5+ 86.Kf1 
Kxg5 87.Ke2 Kf4 88.Kd3 Bf2 89.Ke2 Be3 90.Kd3 Kf3 91.Kc3 Bc5 92.Kd3 Be6 93.
Kd2 Bd4 94.Kd3 Be5 95.Kd2 Bf5 96.Ke1 Bc3+ 97.Kd1 Ke3 98.Kc1 Kd3 99.Kd1 
Bg4+ 100.Kc1 Be2 101.Kb1 Kd2 102.Ka2 Kc2 103.Ka3 Bb5 104.Ka2 Bb4 105.Ka1 
Ba6 106.Ka2 Bc4+ 107.Ka1 Bc3# 0-1

[Event "9th Lost Boys op"]
[Site "Amsterdam NED"]
[Date "2001.08.16"]
[Round "6"]
[White "Tregubov, Pavel"]
[Black "De Vreugt, Dennis"]
[Result "1-0"]
[WhiteElo "2617"]
[BlackElo "2429"]
[EventDate "2001.08.10"]
[PlyCount "139"]

1.d4 Nf6 2.Nf3 d5 3.c4 c6 4.e3 a6 5.Bd3 Bg4 6.Nbd2 e6 7.b3 Nbd7 8.Bb2 Bd6 
9.Qc2 Qe7 10.O-O O-O 11.h3 Bxf3 12.Nxf3 e5 13.dxe5 Nxe5 14.Nxe5 Bxe5 15.
Bxe5 Qxe5 16.cxd5 Qxd5 17.Rad1 Qe5 18.e4 Rfe8 19.f4 Qh5 20.e5 Nd5 21.Qf2 
Rad8 22.Bc4 Qh6 23.Qf3 Nb6 24.Bd3 Nd5 25.Be4 Qe6 26.Rfe1 Qe7 27.Kh1 Qb4 
28.Qg3 g6 29.Bxd5 Rxd5 30.Rxd5 cxd5 31.f5 Kf8 32.a3 Qd4 33.e6 Qf6 34.Rc1 
Qxf5 35.Qd6+ Kg7 36.exf7 Rf8 37.Rd1 Rxf7 38.Rxd5 Qf6 39.Kh2 Qxd6+ 40.Rxd6 
Rc7 41.Rb6 h5 42.Kg3 Rf7 43.Kh4 Kh6 44.g4 hxg4 45.hxg4 Rd7 46.a4 Rf7 47.
g5+ Kg7 48.Kg4 Kh7 49.a5 Kg7 50.Kg3 Kh7 51.Kh4 Rf4+ 52.Kh3 Rf7 53.Kg3 Kg7 
54.Kg4 Rd7 55.Kf4 Re7 56.Rd6 Kf7 57.Rd4 Rc7 58.Ke5 Ke7 59.Rc4 Rd7 60.Rh4 
Kf8 61.Rd4 Rc7 62.Rc4 Rd7 63.Ke6 Rf7 64.Rc8+ Kg7 65.Rd8 Rf5 66.Rd5 Rf4 67.
Rd7+ Kg8 68.Rxb7 Rf5 69.b4 Rxg5 70.b5 1-0

[Event "9th Lost Boys op"]
[Site "Amsterdam NED"]
[Date "2001.08.16"]
[Round "6"]
[White "Michiels, Bart"]
[Black "Afek, Yochanan"]
[Result "1/2-1/2"]
[WhiteElo "2113"]
[BlackElo "2381"]
[EventDate "2001.08.10"]
[PlyCount "87"]

1.e4 c5 2.Nf3 d6 3.d4 cxd4 4.Nxd4 Nf6 5.Nc3 g6 6.Be3 Bg7 7.f3 O-O 8.Qd2 d5
9.e5 Nfd7 10.f4 Nc6 11.Nb3 e6 12.Be2 f6 13.exf6 Qxf6 14.Rd1 Qh4+ 15.g3 Qh3
16.Bf1 Qf5 17.Bg2 Nb6 18.Bc5 Rf7 19.O-O Nc4 20.Qc1 b6 21.Bf2 Ba6 22.Rfe1 
Rc8 23.Nd4 Nxd4 24.Bxd4 Rfc7 25.Bxg7 Kxg7 26.Ne2 Qf6 27.Nd4 e5 28.fxe5 
Nxe5 29.Qf4 Re7 30.Bxd5 Rce8 31.Qxf6+ Kxf6 32.Bg2 Bc8 33.Rf1+ Kg7 34.Nc6 
Re6 35.Nxe5 Rxe5 36.Rd2 R8e7 37.Bf3 g5 38.Rd5 g4 39.Rxe5 Rxe5 40.Bg2 Re2 
41.Rf2 Re1+ 42.Rf1 Re2 43.Rf2 Re1+ 44.Rf1 1/2-1/2

[Event "9th Lost Boys op"]
[Site "Amsterdam NED"]
[Date "2001.08.16"]
[Round "6"]
[White "Ikonnikov, Viacheslav"]
[Black "Wintzer, Joachim"]
[Result "1/2-1/2"]
[WhiteElo "2552"]
[BlackElo "2378"]
[EventDate "2001.08.10"]
[PlyCount "76"]

1.d4 e6 2.c4 f5 3.g3 Nf6 4.Bg2 c6 5.Nf3 d5 6.O-O Bd6 7.Bf4 Bxf4 8.gxf4 O-O
9.e3 Qe7 10.Nbd2 Nbd7 11.Rc1 Ne4 12.Kh1 Kh8 13.Nxe4 fxe4 14.Nd2 Nf6 15.f3 
exf3 16.Nxf3 Bd7 17.Ne5 Be8 18.Qb3 Bh5 19.Rg1 Rab8 20.Rce1 Nd7 21.cxd5 
Nxe5 22.fxe5 exd5 23.e4 dxe4 24.Bxe4 Rf4 25.Qe3 Rbf8 26.Bg2 Rf3 27.Bxf3 
Bxf3+ 28.Rg2 Qe6 29.Qg5 g6 30.Kg1 Bxg2 31.Qxg2 Rf4 32.Re4 Rf5 33.b3 Kg8 
34.Qe2 Rg5+ 35.Kh1 Rf5 36.Kg1 Rg5+ 37.Kh1 Rf5 38.Kg1 Rg5+ 1/2-1/2